000 00907cas a2200205 4500
001 L158343
008 150113n2013 eng u
035 _a(Sirsi) u158343
041 0 _aeng
110 2 _aKnight Frank
_91530
245 0 0 _aInvestment Yields Guide
260 _c2013-
490 0 _aInvestment Yields Guide
520 _aA guide to prime yields and market sentiment across all commercial sectors including high street, shopping centres and out of town retail, leisure, foodstores, warehouses and industrial, offices and specialists such as department stores, car showrooms, student accommodation and healthcare. Includes market sentiment across all commercial sectors.
554 _aMonthly
651 4 _aUnited Kingdom
_y
690 _aCommercial property
_96227
856 4 8 _uhttps://www.knightfrank.com/research/
_zView the item free of charge at www.knightfrank.com
942 _n0
999 _c119399
_d119399